000 00772nam a2200193 i 4500
001 151476
003 ES-MaACL
005 20250930063128.0
008 970407s1786 it |||| | ita d
040 _aCLM
_bspa
_cCLM
100 1 _aAndrés, Juan,
_d1740-1817
_921576
245 1 0 _aLettera dell'abbate D. Giovanni Andres al sig. Comendatore Fra Gaetano Valenti Gonzaga ... sopra una pretesa cagione del corrompimento del gusto italiano nel secolo XVII.
260 _aIn Cremona :
_bapresso Lorenzo Manini, e Comp...,
_c1786.
300 _a61 p. ;
_c8º (19 cm)
597 _aSign.: A-C8, D7.
650 0 4 _aArte italiano-
_yS.XVI-XVII.
_910234
852 _aES-MaACL
_jR-1462
_z-- Enc. piel con hierros dorados
_x Olim: G-124262
999 _c151476
_d151476